| 000 | 00438nam a2200193Ia 4500 | ||
|---|---|---|---|
| 003 | OSt | ||
| 005 | 20251125112056.0 | ||
| 008 | 250729s2005 xx 000 0 und d | ||
| 020 | _a978-8120700406 | ||
| 040 | _cAL | ||
| 041 | _aeng | ||
| 082 | _a500.7 DASS | ||
| 100 |
_aDas R C _9224766 |
||
| 245 | _aScience teaching in schools | ||
| 260 |
_aNew Delhi _c2005 |
||
| 300 | _a264p | ||
| 650 |
_aScience _9224767 |
||
| 942 |
_2ddc _cBED |
||
| 999 |
_c236578 _d236578 |
||